Introducción a la mecánica de fluidos

Saved in:
Bibliographic Details
Main Author: Fernández Larrañaga, Bonifacio (autor)
Format: Book
Language:Spanish
Published: Santiago, Chile: Universidad Católica de Chile, 2005.
Edition:4a. edición.
Series:Lecciones
Subjects:
Tags: Add Tag
No Tags, Be the first to tag this record!

MARC

LEADER 00000nam a2200000 a 4500
001 UCK6758
003 CL-VaPUC
005 20240829145346.0
008 051014t20050000CL |||||||||||||||||spa|d
020 |a 9561407841 
040 |c Pontificia Universidad Católica de Valparaíso 
082 0 7 |a 532 FER 2005  |2 22 
100 0 |a Fernández Larrañaga, Bonifacio  |e autor  |9 496238 
245 1 0 |a Introducción a la mecánica de fluidos 
250 |a 4a. edición. 
260 |a Santiago, Chile:  |b Universidad Católica de Chile,  |c 2005. 
300 |a 427 páginas. 
490 0 |a Lecciones 
583 |a last modification  |c 20051014 00:00:00  |k Rodrigo Vera 
650 0 |a Mecánica de fluidos   |9 259464 
650 0 |a Estática  |9 260452 
650 0 |a Cinemática  |9 260942 
650 0 |a Dinámica  |9 260136 
942 |c BK  |2 ddc 
945 |d 20051014 00:00:00  |a jcarroza 
999 |c 314944  |d 314942 
952 |0 0  |1 0  |4 0  |6 532_000000000000000_FER_2005  |7 0  |8 A  |9 387758  |a BIBCUR  |b BIBCUR  |d 2019-11-22  |i 4173376  |l 8  |m 1  |o 532 FER 2005  |p 4173376  |r 2025-04-22  |s 2024-07-15  |w 2019-11-22  |y BK  |k FIS 
952 |0 0  |1 0  |4 0  |6 532_000000000000000_FER_2005  |7 0  |8 A  |9 387759  |a BIBING  |b BIBING  |d 2019-11-22  |i 4209052  |o 532 FER 2005  |p 4209052  |r 2024-01-25  |w 2019-11-22  |y BK  |k CIC 
952 |0 0  |1 0  |4 0  |6 532_000000000000000_FER_2005  |7 0  |8 A  |9 387760  |a BIBING  |b BIBING  |d 2019-11-22  |i 4282795  |o 532 FER 2005  |p 4282795  |r 2025-01-20  |w 2019-11-22  |y BK  |k CIC 
952 |0 0  |1 0  |4 0  |6 532_000000000000000_FER_2005  |7 0  |8 A  |9 387761  |a BIBING  |b BIBING  |d 2019-11-22  |i 4282809  |o 532 FER 2005  |p 4282809  |r 2025-01-20  |w 2019-11-22  |y BK  |k CIC 
952 |0 0  |1 0  |4 0  |6 532_000000000000000_FER_2005  |7 0  |8 A  |9 387762  |a BIBING  |b BIBING  |d 2019-11-22  |i 4282817  |o 532 FER 2005  |p 4282817  |r 2025-01-20  |w 2019-11-22  |y BK  |k CIC 
952 |0 0  |1 0  |4 0  |6 532_000000000000000_FER_2005  |7 0  |8 A  |9 387763  |a BIBING  |b BIBING  |d 2019-11-22  |i 4282825  |l 5  |o 532 FER 2005  |p 4282825  |r 2025-01-20  |s 2023-03-02  |w 2019-11-22  |y BK  |k CIC 
952 |0 0  |1 0  |4 0  |6 532_000000000000000_FER_2005  |7 0  |8 A  |9 387764  |a BIBING  |b BIBING  |d 2019-11-22  |i 4282833  |o 532 FER 2005  |p 4282833  |r 2025-01-20  |w 2019-11-22  |y BK  |k CIC 
952 |0 0  |1 0  |4 0  |6 532_000000000000000_FER_2005  |7 0  |8 A  |9 387765  |a BIBING  |b BIBING  |d 2019-11-22  |i 4293568  |o 532 FER 2005  |p 4293568  |r 2025-01-20  |w 2019-11-22  |y BK  |k CIC 
952 |0 0  |1 0  |4 0  |6 532_000000000000000_FER_2005  |7 0  |8 A  |9 387766  |a BIBING  |b BIBING  |d 2019-11-22  |i 4293576  |o 532 FER 2005  |p 4293576  |r 2025-01-20  |w 2019-11-22  |y BK  |k CIC 
952 |0 0  |1 0  |4 0  |6 532_000000000000000_FER_2005  |7 0  |8 A  |9 387767  |a BIBING  |b BIBING  |d 2019-11-22  |i 4293533  |o 532 FER 2005  |p 4293533  |r 2025-01-20  |w 2019-11-22  |y BK  |k CIC 
952 |0 0  |1 0  |4 0  |6 532_000000000000000_FER_2005  |7 0  |8 A  |9 387768  |a BIBING  |b BIBING  |d 2019-11-22  |i 4293541  |o 532 FER 2005  |p 4293541  |r 2025-01-20  |w 2019-11-22  |y BK  |k CIC 
952 |0 0  |1 0  |4 0  |6 532_000000000000000_FER_2005  |7 0  |8 A  |9 387769  |a BIBING  |b BIBING  |d 2019-11-22  |i 429355K  |o 532 FER 2005  |p 429355K  |r 2025-01-20  |w 2019-11-22  |y BK  |k CIC 
952 |0 0  |1 0  |4 0  |6 532_000000000000000_FER_2005  |7 0  |8 A  |9 387770  |a BIBING  |b BIBING  |d 2019-11-22  |i 4601793  |o 532 FER 2005  |p 4601793  |r 2025-01-20  |w 2019-11-22  |y BK  |k CCL